MESTSKÁ KNIŽNICA GIRALTOVCE  - online katalóg 

Lekár umierajúceho času (Record no. 11932)

000 -NÁVESTIE
fixed length control field 00288nam a2200121 a 4500
008 - ÚDAJE S PEVNOU DĹŽKOU – VŠEOBECNÉ INFORMÁCIE
fixed length control field 101021s1984|||| d
020 ## - MEDZINÁRODNÉ ŠTANDARDNÉ ČÍSLO KNIHY (ISBN)
Údaje o dostupnosti 26
041 ## - KÓD JAZYKA
Kód jazyka textu/zvukovej stopy alebo samostatných nápisov slo
044 ## - KÓD KRAJINY VYDAVATEĽA/PRODUCENTA
Kód krajiny MARC xo
Kód krajiny ISO SK
100 1# - OSOBNÉ MENÁ – VŠEOBECNÉ INFORMÁCIE
Osobné meno Korner, Vladimír
245 10 - NÁZOV
Názov Lekár umierajúceho času
260 ## - VYDAVATEĽSKÉ ÚDAJE, DISTRIBÚCIA ATĎ.
Názov vydavateľa, distibútora atď. Tatran
Miesto publikovania, distribúcie atď. Bratislava
Dátum publikovania, distribúcie atď. 1984
Holdings
Stav stiahnutia (Blokovanie) (Withrawn status) Stav straty Zdroj klasifikácie pre skladovanie Stav poškodenia (Damaged status) Nie pre výpožičky (Not for loan) Spôsob nadobudnutia (Collection code) Trvalé umiestnenie Aktuálne umiestnenie Dátum nadobudnutia Náklady, bežná kúpna cena Inventárne číslo (prírastkové číslo) Celkom výpožičky Full call number Čiarový kód Dátum posledného výskytu Dátum poslednej výpôžičky Cena s účinnosťou od Typ jednotky Koha
          Kúpa Mestská knižnica Giraltovce Mestská knižnica Giraltovce 2019-11-29 26.00 11239 1 B 5374 B5374 2023-04-17 2023-03-29 2019-11-29 Krásna literatúra pre dospelých

Powered by Koha